000 00349nam a22001457a 4500
022 _a15156850
080 _a340.6 V 667
245 _aVida y Ëtica
260 _aBuenos Aires
_bEDUCA
_c2003
300 _a164 p.
310 _aanual
650 _2IEDCYT
_abioética
_xclonación
_xaborto
_xontogénesis humana
945 _acd
_d2017-08-08
999 _c4553
_d235057